Louis Tomlinson songs quiz 2022 - Statistics

General Stats
  • This quiz has been taken 1,905 times
  • The average score is 25 of 34
Answer Stats
Hint All Louis’s songs % Correct
Walls Walls
97%
Walls Two of Us
89%
Faith in the Future Chicago
84%
Walls Defenceless
84%
Single Back to You
83%
Walls Kill My Mind
82%
Walls Habit
81%
Walls Only the Brave
81%
Walls Always You
80%
Single Miss You
80%
Walls Don’t Let It Break Your Heart
79%
Walls Fearless
79%
Faith in the Future Written All Over Your Face
79%
Faith in the Future Silver Tongues
78%
Faith in the Future Bigger Than Me
77%
Single Just Hold On
77%
Walls Perfect Now
76%
Faith in the Future The Greatest
76%
Faith in the Future Out of My System
75%
Faith in the Future Saturdays
74%
Walls We Made It
74%
Faith in the Future Angels Fly
73%
Faith in the Future She Is Beauty We Are World Class
71%
Single Just Like You
70%
Faith in the Future Face the Music
69%
Faith in the Future Holding on to Heartache
69%
Walls Too Young
69%
Faith in the Future Lucky Again
67%
Faith in the Future That’s the Way Love Goes
66%
Faith in the Future Headline
65%
Faith in the Future Common People
64%
Faith in the Future All This Time
63%
Unrealised Copy of a copy of a copy
58%
Unrealised Help
19%
No matching quizzes found
Score Distribution
Percent of People with Each Score
Percentile by Number Answered
Your Score History
You have not taken this quiz